Sports Quiz

Random Sports or Clickable Quiz
Score 0/7 Timer 04:00
0 Plays Today
% Correct
Team Rhodes (Brain Knobs, Jerry Sags, Dusty And Dustin Rhodes) vs. The Stud Stable (Terry Funk, Arn Anderson, Bunkhouse Buck And Col. Robert Parker)
94.7%
Sting vs. Vader
82.7%
Hulk Hogan (C) vs The Butcher
81.3%
Ric Flair (C) vs Ricky Steamboat
80%
Hulk Hogan (C) vs. Ric Flair
80%
Ric Flair (C) vs. Vader
74.7%
Ric Flair (C) vs. Hulk Hogan
72%
Come Together.
Have Fun.
All Virtual.
We all need to come together. Play Sporcle's virtual live trivia to have fun, connect with people, and get your trivia on. Join a live hosted trivia game for your favorite pub trivia experience done virtually. If a virtual private party is more your thing, go here for details.

You're not logged in!

Compare scores with friends on all Sporcle quizzes.
OR
Log In

Sporcle TV

Today on Sporcle TV


Watch our educational content, quiz creation guides, and fun videos on Sporcle TV.

Show Comments

Extras

Created Jan 7, 2016ReportNominate
Tags:Clickable Quiz, 1994, Event, PPV, PPV Main, WCW

Top Quizzes Today


Score Distribution

Paid Content

Your Account Isn't Verified!

In order to create a playlist on Sporcle, you need to verify the email address you used during registration. Go to your Sporcle Settings to finish the process.

Report this User

Report this user for behavior that violates our Community Guidelines.

Details: